GOTY 2014-2025 - Statistics

General Stats
  • This quiz has been taken 17 times
  • The average score is 7 of 66
Answer Stats
Hint Answer % Correct
2022 Elden Ring
67%
2018 God Of War
50%
2021 It Takes Two
42%
2016 Overwatch
42%
2024 Astro Bot
33%
2023 Baldur's Gate 3
33%
2025 Clair Obscur: Expedition 33
33%
2020 The Last Of Us Part 2
33%
2024 Black Myth: Wukong
25%
2014 Dark Souls 2
25%
2018 Red Dead Redemption 2
25%
2019 Sekiro: Shadows Die Twice
25%
2015 The Witcher 3: Wild Hunt
25%
2024 Balatro
17%
2015 Bloodborne
17%
2014 Dragon Age: Inquisition
17%
2020 Final Fantasy 7
17%
2020 Ghost Of Tsushima
17%
2020 Hades
17%
2025 Hades 2
17%
2025 Hollow Knight: Silksong
17%
2019 Resident Evil 2
17%
2023 Resident Evil 4
17%
2017 The Legend Of Zelda: Breath Of The Wild
17%
2019 Death Stranding
8%
2016 Doom
8%
2024 Elden Ring: Shadow Of The Erdtree
8%
2015 Fallout 4
8%
2018 Marvel's Spider-Man
8%
2023 Marvel's Spider-Man 2
8%
2018 Monster Hunter: World
8%
2017 Super Mario Odyssey
8%
2023 The Legend Of Zelda: Tears Of The Kingdom
8%
2016 Uncharted 4: A Thief's End
8%
2023 Alan Wake 2
0%
2020 Animal Crossing: New Horizons
0%
2022 A Plague Tale: Requiem
0%
2018 Assassin's Creed Odyssey
0%
2014 Bayonetta 2
0%
2018 Celeste
0%
2019 Control
0%
2021 Deathloop
0%
2025 Death Stranding 2: On The Beach
0%
2025 Donkey Kong Banaza
0%
2020 Doom Eternal
0%
2024 Final Fantasy Vll Rebirth
0%
2022 God Of War Ragnarök
0%
2014 Hearthstone
0%
2022 Horizon Forbidden West
0%
2017 Horizon Zero Dawn
0%
2016 Inside
0%
2025 Kingdom Come: Deliverance 2
0%
2015 Metal Gear Solid 5
0%
2024 Metaphor: Refantazio
0%
2014 Middle-Earth: Shadow Of Mordor
0%
2017 Persona 5
0%
2017 Playerunknown's Battlegrounds
0%
2021 Psychonauts 2
0%
2021 Ratchet & Clank: Rift Apart
0%
2021 Resident Evil Village
0%
2022 Stray
0%
2023 Super Mario Bros Wonder
0%
2015 Super Mario Maker
0%
2019 The Outer Worlds
0%
2016 Titanfall 2
0%
2022 Xenoblade Chronicles 3
0%
No matching quizzes found
Score Distribution
Percent of People with Each Score
Percentile by Number Answered
Your Score History
You have not taken this quiz